[Event "Hastings Masters 2018-19"]
[Site "Hastings ENG"]
[Date "2019.01.01"]
[Round "5.14"]
[White "Taylor, Adam C"]
[Black "White, Stuart A"]
[Result "1-0"]
[WhiteTitle "FM"]
[WhiteElo "2356"]
[BlackElo "2096"]
[WhiteFideId "424668"]
[BlackFideId "407747"]
[EventDate "2018.12.28"]

1. g3 e5 2. Bg2 d5 3. c4 c6 4. cxd5 cxd5 5. d4 e4 6. Nc3 Nf6 7. Bg5 Nbd7 8. Rc1
h6 9. Bf4 Be7 10. Qb3 Qa5 11. Bd2 Qb6 12. f3 Qxb3 13. axb3 exf3 14. Nxf3 O-O 15.
O-O a6 16. Nh4 Bb4 17. Nf5 Re8 18. Rc2 Bxc3 19. Bxc3 Re6 20. Bb4 a5 21. Ra1 Re8
22. Nd6 Rd8 23. Rxa5 Rxa5 24. Bxa5 b6 25. Rxc8 Rxc8 26. Nxc8 bxa5 27. Ne7+ Kf8
28. Nxd5 1-0

[Event "Hastings Masters 2018-19"]
[Site "Hastings ENG"]
[Date "2019.01.01"]
[Round "5.15"]
[White "Nettleton, Charlie B"]
[Black "Derakhshani, Borna"]
[Result "0-1"]
[BlackTitle "FM"]
[WhiteElo "2050"]
[BlackElo "2322"]
[WhiteFideId "419710"]
[BlackFideId "12518450"]
[EventDate "2018.12.28"]

1. b3 d5 2. Bb2 Nf6 3. e3 c6 4. Nf3 Bg4 5. h3 Bh5 6. Be2 Nbd7 7. c4 e6 8. d3
Bb4+ 9. Bc3 Bd6 10. Nbd2 e5 11. b4 O-O 12. c5 Bc7 13. g4 Bg6 14. Nh4 d4 15. exd4
Nd5 16. Nxg6 Nxc3 17. Qb3 Nxe2 18. Nxf8 Nxd4 19. Qc4 b5 20. Qc1 Nxf8 0-1

[Event "Hastings Masters 2018-19"]
[Site "Hastings ENG"]
[Date "2019.01.01"]
[Round "5.16"]
[White "Stefansson, Vignir Vatnar"]
[Black "Boswell, Jacob Connor"]
[Result "1-0"]
[WhiteTitle "FM"]
[WhiteElo "2248"]
[BlackElo "1858"]
[WhiteFideId "2308649"]
[BlackFideId "427110"]
[EventDate "2018.12.28"]

1. d4 Nf6 2. Bf4 d5 3. e3 c5 4. c3 Nc6 5. Nd2 e6 6. Ngf3 Bd6 7. Bg3 O-O 8. Bd3
Re8 9. Ne5 Qc7 10. f4 Ne7 11. Bh4 Ne4 12. Bxe7 Qxe7 13. Bxe4 dxe4 14. Nxe4 b6
15. O-O Bc7 16. Qh5 f6 17. Nd3 Ba6 18. Rad1 Rad8 19. Nef2 Rd5 20. Qf3 Red8 21.
Rfe1 R5d7 22. b3 Bb8 23. Rd2 e5 24. Qd1 exd4 25. exd4 Qf7 26. Rde2 cxd4 27. c4
Bb7 28. Re6 Qg6 29. g3 h5 30. Qe2 h4 31. g4 Bc7 32. g5 Bxf4 33. Nxf4 Qxg5+ 34.
Qg4 Qxg4+ 35. Nxg4 d3 36. Nd5 Bxd5 37. cxd5 Rxd5 38. Nf2 d2 39. Rd1 Rc8 40. Re2
Rc2 41. a4 f5 42. Kf1 Rb2 43. Re3 f4 44. Rc3 b5 45. Nd3 Ra2 46. Nb4 Ra1 47. Rxa1
d1=Q+ 48. Rxd1 Rxd1+ 49. Ke2 Rh1 50. axb5 Rxh2+ 51. Kf1 Kf7 52. Rc7+ Ke6 53. Nd3
g5 54. Rxa7 Rh3 55. Nc5+ Kf5 56. b6 Rf3+ 57. Ke2 Re3+ 58. Kd2 h3 59. b7 h2 60.
b8=Q h1=Q 61. Qc8+ 1-0

[Event "Hastings Masters 2018-19"]
[Site "Hastings ENG"]
[Date "2019.01.01"]
[Round "5.17"]
[White "Royset, Pal"]
[Black "Comellas Blanchart, Jordi"]
[Result "1-0"]
[WhiteElo "2165"]
[BlackElo "2129"]
[WhiteFideId "1501330"]
[BlackFideId "2291096"]
[EventDate "2018.12.28"]

1. e4 e5 2. Nf3 Nc6 3. Bb5 a6 4. Ba4 Nf6 5. O-O Be7 6. Re1 b5 7. Bb3 d6 8. c3
O-O 9. h3 Nb8 10. d4 Nbd7 11. Nbd2 Bb7 12. Bc2 Re8 13. Nf1 Bf8 14. Ng3 g6 15.
Bg5 h6 16. Bd2 Bg7 17. a4 c5 18. d5 c4 19. Be3 Nc5 20. Qd2 Kh7 21. Ra3 Nfd7 22.
Rea1 Qc7 23. Nh2 Nb6 24. a5 Nbd7 25. Ng4 h5 26. Nh2 Nf6 27. Nf3 Rad8 28. Rf1 Kg8
29. Raa1 Rf8 30. Nh4 Bc8 31. f4 exf4 32. Rxf4 Nh7 33. Bd4 Be5 34. Nf3 Bxf4 35.
Qxf4 f6 36. Qh6 Qg7 37. Qd2 Nd7 38. Be3 Rfe8 39. Nd4 Ne5 40. Nge2 Nf8 41. Nf4
Bd7 42. Rf1 Re7 43. Bd1 Qh8 44. Bc2 Rde8 45. Bf2 g5 46. Nfe2 h4 47. Nc1 Nfg6 48.
Be3 g4 49. Nf5 Bxf5 50. exf5 Nf8 51. Bf4 gxh3 52. gxh3 Qh5 53. Kh1 Rg7 54. Qf2
Nd3 55. Bxd3 cxd3 56. Bxd6 Nh7 57. Nxd3 Re2 58. Qf4 Qg5 59. Qxg5 Nxg5 60. Nf4
Rd2 61. Nh5 Rf7 62. Bf4 Nxh3 63. Bxd2 1-0

[Event "Hastings Masters 2018-19"]
[Site "Hastings ENG"]
[Date "2019.01.01"]
[Round "5.18"]
[White "Midhun, P U"]
[Black "Sumit, Kumar"]
[Result "1/2-1/2"]
[WhiteElo "2019"]
[BlackElo "2219"]
[WhiteFideId "5074940"]
[BlackFideId "5054010"]
[EventDate "2018.12.28"]

1. Nf3 Nf6 2. g3 b6 3. Bg2 Bb7 4. O-O e6 5. c4 Be7 6. Nc3 O-O 7. d4 c5 8. d5
exd5 9. Nh4 Re8 10. Nf5 Bf8 11. Bg5 h6 12. Nxd5 Bxd5 13. Bxd5 Nc6 14. Bxc6 dxc6
15. Nxh6+ gxh6 16. Qxd8 Raxd8 17. Bxf6 Rd6 18. Bc3 Rxe2 19. Rfe1 Ree6 20. Rxe6
fxe6 21. Kf1 Bg7 22. Bxg7 Kxg7 23. Ke2 Rd4 24. b3 Kf6 25. Rd1 Ke5 26. Rd3 Kd6
27. Rf3 Ke7 28. Re3 Kf6 29. f4 Kf7 30. Rd3 Kf6 31. Re3 Kf7 32. Rd3 Kf6 33. Re3
Kf7 1/2-1/2

[Event "Hastings Masters 2018-19"]
[Site "Hastings ENG"]
[Date "2019.01.01"]
[Round "5.19"]
[White "Trevelyan, John"]
[Black "Byron, Alan M"]
[Result "1/2-1/2"]
[WhiteElo "1996"]
[BlackElo "2157"]
[WhiteFideId "1800922"]
[BlackFideId "401773"]
[EventDate "2018.12.28"]

1. d4 Nf6 2. c4 g6 3. Nc3 Bg7 4. e4 d6 5. Be2 O-O 6. Nf3 Na6 7. O-O e5 8. dxe5
dxe5 9. Qxd8 Rxd8 10. Bg5 Re8 11. Nd2 h6 12. Be3 Ng4 13. Bxg4 Bxg4 14. a3 Bf8
15. b4 c6 16. Nd1 Red8 17. Nb2 b6 18. f3 Be6 19. Kf2 Kg7 20. Rfd1 Be7 21. Rac1
Nc7 22. Nb1 Rdb8 23. Nd3 f6 24. f4 exf4 25. Nxf4 Bg4 26. Rd2 Rd8 27. h3 Rxd2+
28. Nxd2 Bd7 29. Nb3 g5 30. Nh5+ Kf7 31. g4 Re8 32. Ng3 Bd6 33. Nf5 Bxf5 34.
exf5 Rxe3 35. Kxe3 Bf4+ 36. Kd4 Bxc1 37. Nxc1 Ke7 38. Ne2 Kd6 39. Ke4 b5 40. c5+
Kd7 41. Nc3 Na6 1/2-1/2

[Event "Hastings Masters 2018-19"]
[Site "Hastings ENG"]
[Date "2019.01.01"]
[Round "5.20"]
[White "Fowler, David"]
[Black "Spiegel, Stefan"]
[Result "0-1"]
[WhiteElo "1929"]
[BlackElo "2124"]
[WhiteFideId "2461595"]
[BlackFideId "4610733"]
[EventDate "2018.12.28"]

1. e4 Nf6 2. e5 Nd5 3. c4 Nb6 4. d4 d6 5. exd6 cxd6 6. Nc3 g6 7. Be3 Bg7 8. Rc1
O-O 9. b3 e5 10. dxe5 dxe5 11. Qxd8 Rxd8 12. c5 N6d7 13. Nf3 Nc6 14. Bc4 Na5 15.
Be2 b6 16. b4 Nc6 17. b5 Nd4 18. c6 Nc5 19. Nxd4 exd4 20. Rd1 Bf5 21. Bg5 f6 22.
c7 Rd7 23. Bf4 dxc3 24. Bc4+ Kh8 25. Rxd7 Re8+ 26. Kd1 Bxd7 27. Kc2 g5 28. Be3
Rc8 29. Bxc5 bxc5 30. a4 Rxc7 31. a5 Rb7 32. Rd1 Bf5+ 33. Kxc3 Bd7 34. a6 Rc7
35. Rd6 f5+ 36. Kc2 Be5 37. Rd5 Bd4 38. Rd6 Kg7 39. b6 axb6 40. Rxb6 Bc6 41.
Rxc6 Rxc6 42. a7 Rc8 43. Bd5 Bxf2 44. a8=Q Rxa8 45. Bxa8 g4 46. Bc6 Kf6 47. Bd7
Bg1 48. h3 gxh3 49. gxh3 Ke5 50. Kd3 f4 51. Bg4 Kf6 52. Ke4 Be3 53. Be2 Kg5 54.
Kf3 h6 55. Kg2 Kf5 56. Kf3 Ke5 57. Bd1 Kd4 58. Ke2 Kc3 59. Ba4 c4 60. Bd1 Kb2
61. Ba4 Kc1 62. Bb5 c3 63. Ba4 Kb2 64. Kd3 Bb6 65. Bd1 f3 0-1

[Event "Hastings Masters 2018-19"]
[Site "Hastings ENG"]
[Date "2019.01.01"]
[Round "5.21"]
[White "Chapman, Matt"]
[Black "Pitschka, Claus"]
[Result "0-1"]
[BlackTitle "FM"]
[WhiteElo "1902"]
[BlackElo "2228"]
[WhiteFideId "435848"]
[BlackFideId "4617762"]
[EventDate "2018.12.28"]

1. e4 Nf6 2. e5 Nd5 3. d4 d6 4. Nf3 Bg4 5. Be2 c6 6. Ng5 Bf5 7. Bg4 Qc8 8. Qf3
Bxg4 9. Qxf7+ Kd8 10. h3 Bf5 11. exd6 h6 12. Qh5 g6 13. Qh4 Ke8 14. O-O Bg7 15.
Nf3 exd6 16. c4 Nf6 17. Nc3 Kf7 18. Qg3 Qd7 19. c5 Ne4 20. Nxe4 Bxe4 21. Qf4+
Qf5 22. Qxd6 Bxf3 23. gxf3 Na6 24. Re1 Rhe8 25. Bd2 Qxh3 26. d5 Rad8 27. Qf4+
Qf5 28. Qxf5+ gxf5 0-1

[Event "Hastings Masters 2018-19"]
[Site "Hastings ENG"]
[Date "2019.01.01"]
[Round "5.22"]
[White "Graham, David B"]
[Black "Byrn, Carsten"]
[Result "1-0"]
[WhiteElo "2191"]
[BlackElo "1961"]
[WhiteFideId "408131"]
[BlackFideId "1406345"]
[EventDate "2018.12.28"]

1. e4 c5 2. Nc3 e6 3. Nf3 Nc6 4. Bb5 Nd4 5. Bc4 a6 6. Nxd4 cxd4 7. Ne2 b5 8. Bb3
Bb7 9. d3 Qb6 10. O-O Ne7 11. Ng3 Nc6 12. Qh5 Na5 13. c3 Nxb3 14. axb3 dxc3 15.
bxc3 Qc5 16. Qxc5 Bxc5 17. d4 Bd6 18. f3 h5 19. e5 Be7 20. Ne4 Bxe4 21. fxe4 O-O
22. b4 a5 23. bxa5 Rfc8 24. Ba3 Bxa3 25. Rxa3 Rc4 26. Rb1 Ra4 27. Rab3 R8xa5 28.
Rxb5 Rxb5 29. Rxb5 Kf8 30. Rb2 Rc4 31. Rc2 f6 32. exf6 gxf6 33. Rf2 Rxc3 34.
Rxf6+ Kg7 35. e5 Rd3 36. Rf4 Rd2 37. h4 Ra2 38. Kf1 Ra6 39. Kf2 d6 40. Rf6 dxe5
41. dxe5 Rb6 42. Kf3 Ra6 43. Kf4 Ra4+ 44. Kg5 Rg4+ 45. Kxh5 Rxg2 46. Rxe6 Kf7
47. Rf6+ Kg7 48. Rf5 Re2 49. Kg5 Rg2+ 50. Kf4 Rf2+ 51. Ke4 Rh2 52. h5 Ra2 53.
Rf6 Ra4+ 54. Kf5 Ra1 55. Rg6+ Kf7 56. e6+ Kf8 57. Rf6+ Ke7 58. Rf7+ Ke8 59. h6
Rf1+ 60. Kg6 Rg1+ 61. Kf6 Rf1+ 62. Kg7 Rg1+ 63. Kh8 Rg6 64. h7 Rxe6 65. Kg7 1-0

[Event "Hastings Masters 2018-19"]
[Site "Hastings ENG"]
[Date "2019.01.01"]
[Round "5.23"]
[White "Snape, Ian L"]
[Black "Fryer, David W"]
[Result "1-0"]
[WhiteElo "2110"]
[BlackElo "1932"]
[WhiteFideId "404489"]
[BlackFideId "406384"]
[EventDate "2018.12.28"]

1. c4 e6 2. g3 Nf6 3. Bg2 d5 4. Nf3 dxc4 5. Qc2 b5 6. a4 c6 7. axb5 Qb6 8. Qxc4
Bb7 9. Nc3 Be7 10. d3 O-O 11. O-O a6 12. bxc6 Nxc6 13. Be3 Qd8 14. Bc5 Qd7 15.
Na4 Rab8 16. Bxe7 Qxe7 17. Nc5 Ba8 18. Rxa6 Rxb2 19. Rfa1 Rb4 20. Qc1 Nd4 21.
Nxd4 Bxg2 22. Kxg2 Rxd4 23. Qc3 Rd5 24. Rc6 h6 25. Rb1 Qa7 26. e4 Rdd8 27. Ra6
Qe7 28. Rb7 Qe8 29. d4 Ra8 30. Rab6 Rd8 31. h3 Nd7 32. Rd6 Nxc5 33. Rxd8 Qxd8
34. dxc5 Qf6 35. Qxf6 gxf6 36. Kf3 Rc8 37. Rb5 Kg7 38. Ke3 e5 39. Kd3 Kg6 40.
Kc4 Kg5 41. Rb7 1-0

[Event "Hastings Masters 2018-19"]
[Site "Hastings ENG"]
[Date "2019.01.01"]
[Round "5.24"]
[White "Heinsohn, Michael"]
[Black "Rolvag, Mikael"]
[Result "0-1"]
[WhiteElo "1961"]
[BlackElo "2107"]
[WhiteFideId "4665546"]
[BlackFideId "1500481"]
[EventDate "2018.12.28"]

1. d4 Nf6 2. c4 e6 3. g3 d5 4. Nf3 dxc4 5. Bg2 Be7 6. O-O O-O 7. Qc2 a6 8. a4
Nc6 9. Rd1 Rb8 10. Qxc4 Qd5 11. Ne5 Qxc4 12. Nxc4 Rd8 13. Bxc6 bxc6 14. Nc3 c5
15. Bf4 Rxd4 16. Ne5 Bb7 17. Be3 Rdd8 18. Nd3 Nd7 19. f3 c4 20. Nf2 Nc5 21. a5
Bc6 22. Bf4 Bd6 23. Nce4 Nxe4 24. Nxe4 Bxe4 25. fxe4 e5 26. Be3 Rxb2 27. Kf2
Rdb8 28. Rac1 R2b4 29. Rd5 R4b5 30. Rxb5 Rxb5 31. Rxc4 Rxa5 32. Rc6 Kf8 33. Bb6
cxb6 34. Rxd6 Rb5 35. Rd7 a5 36. Ra7 h5 37. Ke3 Rb4 38. Kd3 g6 0-1

[Event "Hastings Masters 2018-19"]
[Site "Hastings ENG"]
[Date "2019.01.01"]
[Round "5.25"]
[White "Larsen, Andreas"]
[Black "Willson, Ollie"]
[Result "1/2-1/2"]
[WhiteElo "1933"]
[BlackElo "2081"]
[WhiteFideId "1504843"]
[BlackFideId "424714"]
[EventDate "2018.12.28"]

1. e4 c5 2. b4 cxb4 3. a3 e6 4. axb4 Bxb4 5. c3 Be7 6. d4 Nf6 7. Bd3 Nc6 8. Nf3
d6 9. Na3 O-O 10. Nc4 d5 11. Ncd2 Ne8 12. h4 dxe4 13. Nxe4 Nf6 14. Nxf6+ gxf6
15. Bh6 Re8 16. Nh2 f5 17. Nf3 Bf6 18. Ng5 e5 19. Bc4 exd4+ 20. Kf1 Be6 21. Bxe6
fxe6 22. Rh3 Ne5 23. Nxh7 Kxh7 24. Qh5 Ng4 25. Rg3 Qd7 26. Rxg4 fxg4 27. Bg5+
Kg8 28. Bxf6 Qh7 29. Qxg4+ Kf7 30. Bxd4 Qd3+ 31. Kg1 Rg8 32. Qh5+ Qg6 33. Qf3+
Qf5 34. Qxb7+ Kg6 35. Rxa7 Rxa7 36. Qxa7 Kh5 37. Qe7 Qb1+ 38. Kh2 Qf5 39. g3 Kg4
40. Be3 Rb8 41. Qg5+ Qxg5 42. Bxg5 Kf3 43. Be3 Rc8 44. h5 Kg4 45. h6 e5 46. Bd2
Rd8 47. Be3 Rc8 48. Bd2 1/2-1/2

[Event "Hastings Masters 2018-19"]
[Site "Hastings ENG"]
[Date "2019.01.01"]
[Round "5.26"]
[White "Sugden, John N"]
[Black "Ruane, Brendan J"]
[Result "1-0"]
[WhiteElo "2072"]
[BlackElo "1874"]
[WhiteFideId "402001"]
[BlackFideId "430218"]
[EventDate "2018.12.28"]

1. d4 d5 2. c4 e6 3. Nc3 a6 4. cxd5 exd5 5. Bf4 Nf6 6. e3 Bd6 7. Bxd6 Qxd6 8.
Bd3 O-O 9. Nf3 Be6 10. Qc2 h6 11. O-O Nbd7 12. Rac1 Rfc8 13. Na4 b6 14. Qe2 Bg4
15. b3 Ne4 16. Qc2 Bxf3 17. gxf3 Ng5 18. f4 Nh3+ 19. Kg2 Nxf4+ 20. exf4 Qxf4 21.
Bf5 Rd8 22. Bxd7 Rxd7 23. Qd3 Rd6 24. Nc3 Re8 25. Ne2 Qg4+ 26. Ng3 Rde6 27. Rxc7
Rg6 28. Qf3 Qe6 29. Qe3 Qxe3 30. fxe3 Rxe3 31. Rcxf7 h5 32. R7f4 Rh6 33. R1f3
Re1 34. Kf2 Rc1 35. Re3 h4 36. Nf5 Rh5 37. Re5 g5 38. Ne7+ Kg7 39. Rff5 Rc2+ 40.
Re2 Rc3 41. Nxd5 Rd3 42. Re7+ 1-0

[Event "Hastings Masters 2018-19"]
[Site "Hastings ENG"]
[Date "2019.01.01"]
[Round "5.27"]
[White "Faulks, Nick"]
[Black "Miller, Dominic"]
[Result "0-1"]
[WhiteTitle "CM"]
[WhiteElo "1917"]
[BlackElo "2027"]
[WhiteFideId "8800103"]
[BlackFideId "438065"]
[EventDate "2018.12.28"]

1. e4 e6 2. d4 d5 3. Nc3 Bb4 4. e5 Ne7 5. a3 Bxc3+ 6. bxc3 c5 7. h4 Qa5 8. Bd2
Qa4 9. h5 b6 10. h6 gxh6 11. Nf3 Ba6 12. Bxa6 Nxa6 13. Rxh6 cxd4 14. Nxd4 Nf5
15. Nxf5 exf5 16. Bg5 Qe4+ 17. Kf1 Nc7 18. Rh4 Qxe5 19. Bf4 Qe7 20. Qh5 O-O-O
21. Re1 Ne6 22. Be5 Rhg8 23. Qe2 Qxh4 0-1

[Event "Hastings Masters 2018-19"]
[Site "Hastings ENG"]
[Date "2019.01.01"]
[Round "5.28"]
[White "Graham, Cassie M"]
[Black "Ratnesan, Ranesh"]
[Result "1/2-1/2"]
[WhiteElo "1889"]
[BlackElo "2063"]
[WhiteFideId "432644"]
[BlackFideId "439339"]
[EventDate "2018.12.28"]

1. e4 c5 2. Nc3 Nc6 3. f4 g6 4. Nf3 Bg7 5. Bc4 e6 6. f5 Nge7 7. fxe6 dxe6 8. d3
O-O 9. O-O Na5 10. Qe1 Nxc4 11. dxc4 Nc6 12. Bg5 f6 13. Be3 b6 14. Rd1 Qe7 15.
Qg3 Bb7 16. Bf4 e5 17. Nd5 Qf7 18. Bd2 Rad8 19. Qh4 Qe6 20. b3 Rd7 21. Rde1 Nd8
22. Bc3 Nf7 23. Qg3 b5 24. h4 bxc4 25. bxc4 Ba6 26. Nd2 Nd6 27. h5 Nxc4 28. Nb3
Qc6 29. hxg6 hxg6 30. Qxg6 Nb6 31. Nxb6 Qxb6 32. Ba5 Qb5 33. c4 Qc6 34. Rc1 Rd3
35. Rf3 Rxf3 36. gxf3 Qa4 37. Bd2 Bxc4 38. Bh6 Rf7 39. Nxc5 Qb5 40. Nb3 Kf8 41.
Be3 Rc7 42. Qg2 a6 43. Nd2 Rc6 44. Nxc4 Rxc4 45. Rxc4 Qxc4 1/2-1/2

[Event "Hastings Masters 2018-19"]
[Site "Hastings ENG"]
[Date "2019.01.01"]
[Round "5.29"]
[White "Rayner, Francis"]
[Black "Gu, In Jung"]
[Result "1/2-1/2"]
[WhiteElo "2048"]
[BlackElo "1798"]
[WhiteFideId "1800132"]
[BlackFideId "13200232"]
[EventDate "2018.12.28"]

1. e4 c5 2. Nf3 d6 3. d4 cxd4 4. Nxd4 Nf6 5. Nc3 a6 6. Bg5 e6 7. Be2 Nbd7 8. O-O
Qc7 9. a4 Be7 10. Kh1 b6 11. Bd3 Bb7 12. Qe2 h6 13. Bd2 Nc5 14. f4 Nfd7 15. f5
e5 16. Nf3 Nf6 17. b4 Ncd7 18. Bc4 O-O 19. Bb3 a5 20. b5 Nc5 21. Nd5 Nxd5 22.
Bxd5 Bxd5 23. exd5 Bf6 24. Be3 Rac8 25. Nd2 Rfe8 26. Ra2 Qe7 27. Nc4 Qc7 28. Nd2
Kf8 29. Qg4 Ke7 30. Re1 Kd7 31. h3 Qb7 32. Nc4 Ke7 33. Rd1 Rc7 34. Nd2 Rec8 35.
c4 Nd7 36. Rc1 Rh8 37. Qh5 Rcc8 38. Ne4 Rc7 39. Rac2 Rhc8 40. Qf3 Bg5 41. Nxg5
hxg5 42. Bxg5+ f6 43. Be3 Rh8 44. Qg4 Rh7 45. Qg6 Nf8 46. Qg3 Nd7 47. Qf2 Rc8
48. Qf3 Nc5 49. Bxc5 Rxc5 50. Re2 Rc8 51. Re4 Qc7 52. Qf2 Rch8 53. Rg4 Kf8 54.
Rc3 Rh5 55. Rcg3 R5h7 56. Kh2 Ke8 57. Rf3 Kf8 58. h4 Ke8 59. Rh3 Kf8 60. Re4 Ke8
61. g4 Kd8 62. Kg3 Kc8 63. Qe3 Qd8 64. Rh2 Kb7 65. h5 Qc7 66. Rc2 Rc8 67. Kf3
Qd7 68. Qf2 Rch8 69. Ke2 Qc8 70. Kd3 Qc7 71. Kc3 Rc8 72. Kb3 Rch8 73. Rc3 Rc8
74. Re1 Rch8 75. Qe3 Rh6 76. Rh1 R6h7 77. Rh3 Ka7 78. Rc2 Kb7 79. Rh4 Ka7 80.
Rhh2 Kb7 81. Rhd2 Rc8 82. Rh2 Rch8 83. Qg1 Rh6 84. Rhg2 Rf8 85. Rc3 Rh7 86. Rcg3
Rc8 87. Rc2 Rf8 88. Rcc3 Ka7 89. Rh3 Rfh8 90. Rh4 Kb7 91. Rg3 Qc8 92. Qe3 Qd7
93. Qf3 Qc7 94. Qf2 Rc8 95. g5 Rf8 96. gxf6 Rxf6 97. Rhg4 Rxh5 98. Rxg7 Rf7 99.
f6 Rh7 100. Qg1 Qd7 101. Rxh7 Rxh7 102. Rg7 Rxg7 103. Qxg7 Kc8 104. Qg8+ Kc7
105. Qg7 Kc8 106. f7 Qh3+ 107. Kc2 Qf5+ 108. Kd2 Qf2+ 109. Kd1 Qf1+ 110. Kd2
Qf2+ 111. Kd1 Kc7 1/2-1/2

[Event "Hastings Masters 2018-19"]
[Site "Hastings ENG"]
[Date "2019.01.01"]
[Round "5.30"]
[White "Wilson, Matthew R"]
[Black "Barton, R Alan"]
[Result "1/2-1/2"]
[WhiteElo "1822"]
[BlackElo "1991"]
[WhiteFideId "423459"]
[BlackFideId "404233"]
[EventDate "2018.12.28"]

1. e4 d5 2. exd5 Qxd5 3. Nc3 Qa5 4. Bc4 c6 5. d3 Nf6 6. Bd2 Qc7 7. Nf3 Bg4 8. h3
Bxf3 9. Qxf3 e6 10. O-O Nbd7 11. d4 Bd6 12. Rfe1 O-O 13. Ne4 Nxe4 14. Qxe4 Nf6
15. Qh4 Rfe8 16. Bd3 Qd8 17. Bg5 Be7 18. Bxf6 Bxf6 19. Qh5 Kf8 20. Qxh7 Qa5 21.
c3 Rac8 22. Qe4 Rcd8 23. Bc2 Rd6 24. f4 c5 25. dxc5 Qxc5+ 26. Kh1 Red8 27. Rad1
Rxd1 28. Rxd1 Rxd1+ 29. Bxd1 Qf2 30. Bf3 g6 31. Qxb7 Kg7 32. Qb5 Qe3 33. Qc4
Qe1+ 34. Kh2 Bh4 35. Qd4+ Kh7 36. Qg1 Qg3+ 37. Kh1 Qxf4 38. Qxa7 Qc1+ 39. Kh2
Qf4+ 40. Kh1 Qc1+ 41. Kh2 Qf4+ 1/2-1/2

[Event "Hastings Masters 2018-19"]
[Site "Hastings ENG"]
[Date "2019.01.01"]
[Round "5.31"]
[White "Royal, Shreyas"]
[Black "Eames, Robert S"]
[Result "1/2-1/2"]
[WhiteTitle "CM"]
[BlackTitle "FM"]
[WhiteElo "1892"]
[BlackElo "2157"]
[WhiteFideId "448869"]
[BlackFideId "408743"]
[EventDate "2018.12.28"]

1. d4 Nf6 2. c4 c5 3. d5 b5 4. cxb5 a6 5. f3 g6 6. e4 Bg7 7. Na3 O-O 8. Ne2 e6
9. d6 axb5 10. Nxb5 Qa5+ 11. Nec3 Ba6 12. Bd2 Qb6 13. a4 Ne8 14. Bf4 Nc6 15. Bc4
Ne5 16. Be2 c4 17. Qd2 Bxb5 18. Nxb5 Qxb5 19. axb5 Rxa1+ 20. Bd1 Nd3+ 21. Ke2
Rb1 22. Bg3 f5 23. b3 f4 24. Bh4 Nc1+ 25. Kf2 Rb2 26. Qxb2 Bxb2 27. bxc4 Bd4+
28. Ke1 Ng7 29. Kd2 Be3+ 30. Kc3 e5 31. Bb3 Ne6 32. Be7 Ra8 33. Rxc1 Bxc1 34. c5
Kf7 35. c6 Rc8 36. c7 Be3 37. Bd5 Ke8 38. Bb7 1/2-1/2

[Event "Hastings Masters 2018-19"]
[Site "Hastings ENG"]
[Date "2019.01.01"]
[Round "5.32"]
[White "Armstrong, Malcolm J"]
[Black "Carulla Pons, Carlos"]
[Result "1/2-1/2"]
[WhiteElo "2052"]
[BlackElo "1780"]
[WhiteFideId "409049"]
[BlackFideId "24571768"]
[EventDate "2018.12.28"]

1. d4 Nf6 2. Nf3 g6 3. b3 Bg7 4. Bb2 O-O 5. e3 b6 6. Be2 Bb7 7. O-O d6 8. c4 c5
9. d5 e6 10. dxe6 fxe6 11. Ng5 Qe7 12. Bf3 d5 13. cxd5 exd5 14. Nc3 Rd8 15. Nh3
Na6 16. Qe2 Nc7 17. Rfd1 Ba6 18. Qc2 Rd7 19. Nf4 Rad8 20. Be2 d4 21. Bxa6 Nxa6
22. exd4 Nb4 23. Qe2 cxd4 24. Rxd4 Qxe2 25. Ncxe2 Nfd5 26. Ne6 Bxd4 27. N2xd4
Re8 28. Kf1 Nd3 29. Ba3 N5f4 30. Nxf4 Nxf4 31. Nf3 h6 32. Rc1 Kf7 33. g3 Nd3 34.
Rd1 Nc5 35. Rc1 Na6 36. Bb2 Rd5 37. Rc4 Kg8 38. Ra4 Ra5 39. Rxa5 bxa5 40. Bd4
Nb4 41. Bxa7 Nxa2 42. Bb6 Ra8 43. Ne5 Kh7 44. Nc4 a4 45. bxa4 Rxa4 46. Ne3 Nc3
47. Kg2 Ra2 48. Bd4 Ra3 49. Ng4 Nd5 50. Nf6+ 1/2-1/2

[Event "Hastings Masters 2018-19"]
[Site "Hastings ENG"]
[Date "2019.01.01"]
[Round "5.33"]
[White "Song, Jinwoo"]
[Black "Rice, Chris B"]
[Result "1/2-1/2"]
[WhiteTitle "FM"]
[WhiteElo "1907"]
[BlackElo "1998"]
[WhiteFideId "413003"]
[BlackFideId "404446"]
[EventDate "2018.12.28"]

1. e4 a6 2. d4 e6 3. Nf3 d5 4. exd5 exd5 5. Bd3 Nc6 6. O-O Bg4 7. c3 Bd6 8. Nbd2
Nge7 9. Re1 Qd7 10. Qc2 O-O-O 11. b4 Bf5 12. Nb3 Bxd3 13. Qxd3 Qf5 14. Qxf5+
Nxf5 15. a4 Rhe8 16. Bd2 f6 17. g4 Nfe7 18. Nh4 g5 19. Ng2 Ng6 20. h3 Nb8 21.
Kf1 c6 22. a5 Nd7 23. Rad1 Ndf8 24. Nc1 Re6 25. Nd3 Rde8 26. f4 Rxe1+ 27. Rxe1
Rxe1+ 28. Kxe1 h6 29. Ke2 Kd7 30. Kf3 Nh7 31. f5 Ne7 32. Nb2 Nc8 33. Na4 Kc7 34.
Ne1 Nf8 35. Nd3 Nd7 36. Ke2 Kd8 37. Nc1 Na7 38. Kd3 Nb5 39. Ne2 Na3 40. Be1 Nc4
41. Bg3 Ke7 42. Bxd6+ Kxd6 43. Ng3 b5 44. axb6 Ncxb6 45. Nc5 Nb8 46. Nh5 Ke7 47.
Ng7 Nc4 48. Nge6 a5 49. b5 cxb5 50. Nc7 Nb6 51. Nxb5 Nc6 52. Na3 Kd6 53. c4 Ke7
54. cxd5 Nb4+ 55. Ke4 N4xd5 56. Ne6 Nc3+ 57. Kd3 Nd1 58. Ke2 Nc3+ 59. Kd3 Ncd5
60. Ke4 Nc3+ 61. Kd3 Nd1 62. Ke2 Nb2 63. Kf3 N2c4 64. Nc2 a4 65. Ke4 Nd6+ 66.
Kd3 Nb5 67. Nb4 Kd6 68. Na2 Nd5 69. Kc4 Na3+ 70. Kd3 Nb5 1/2-1/2

[Event "Hastings Masters 2018-19"]
[Site "Hastings ENG"]
[Date "2019.01.01"]
[Round "5.34"]
[White "Spanton, Tim R"]
[Black "Rahulan, Thivyaa"]
[Result "1-0"]
[WhiteElo "1943"]
[BlackElo "1814"]
[WhiteFideId "404802"]
[BlackFideId "431940"]
[EventDate "2018.12.28"]

1. c4 f5 2. g3 Nf6 3. Bg2 g6 4. Nc3 Bg7 5. d3 e5 6. e4 O-O 7. exf5 gxf5 8. Nf3
d6 9. Bg5 Qe8 10. O-O Nc6 11. Qd2 Qh5 12. Bxf6 Rxf6 13. Nd5 Rh6 14. Qg5 Qf7 15.
Qd2 Nd8 16. Ng5 Qd7 17. Nh3 Qf7 18. Ng5 Qd7 19. Bh3 c6 20. Bxf5 Qe8 21. Bxc8
Rxc8 22. Nc3 Qh5 23. h4 Qg4 24. Nce4 Rg6 25. Qd1 Qf5 26. Qf3 Qxf3 27. Nxf3 Nf7
28. Rad1 Re8 29. b3 Kh8 30. Nfg5 Nxg5 31. Nxg5 h6 32. Nf3 d5 33. Rfe1 Rge6 34.
Kg2 Rf8 35. Re2 Re7 36. h5 Kh7 37. Nh4 Re6 38. g4 Rf4 39. Kg3 Rd4 40. Nf5 Rf4
41. Nxg7 Kxg7 42. d4 Ref6 43. dxe5 Rf3+ 44. Kg2 R6f4 45. e6 Kf8 46. e7+ Ke8 47.
cxd5 Rc3 48. d6 Rxg4+ 49. Kf1 1-0